| 000 | 00434nam a22001697a 4500 | ||
|---|---|---|---|
| 008 | 131113b xxu||||| |||| 00| 0 eng d | ||
| 020 | _a8877545534 | ||
| 041 | 0 | _aeng | |
| 080 | _a339.138 | ||
| 100 | 1 | _aFitzgerald, Jeremy | |
| 245 | 1 | 0 |
_aMarketing / _cGeremy Fitzgerald |
| 260 |
_aGenoa : _bBlack Cat publishing ; _c2001. |
||
| 300 |
_a80 f. : _c21 cm. |
||
| 650 | 0 | _aMarketingu | |
| 650 | 0 | _aMarketingu industrial | |
| 942 |
_2udc _cBK |
||
| 999 |
_c295 _d295 |
||